Communes de la Vienne par images satellites - Statistiques

Statistiques générales
  • Ce quiz a été pris 24 fois
  • Le résultat moyen est 10 sur 19
Statistiques - réponses
Par images Hint Réponse % Correct
La ville aux cents clochers Poitiers
88%
Abrite l'un des plus grands parc d'attraction d'Europe Chasseneuil-du-Poitou/Jaunay-Marigny
81%
Ville thermale La Roche-Posay
81%
Ville médiévale, départ d'un vélorail Chauvigny
75%
Place forte du nord du département, visible par sa tour Loudun
75%
Commune qui accueille le seul aéroport du département Biard
69%
Ville-Banlieue de la préfecture Buxerolles
69%
Cité ouvrière connu pour sa "Manufacture" Châtellerault
63%
Abrite la seule centrale nucléaire du 86, une nécropole mérovingienne et un parc zoologique Civaux
63%
Ville d'Art et d'Histoire du sud-est du département Montmorillon
63%
Commune abritant un centre pénitencier Vivonne
50%
Connu pour sa célèbre abbaye St-Savin
44%
Un des "Plus Beaux Villages de France" Angles-sur-l'Anglin
31%
Commune construite sur une butte dominant le nord du département Mirebeau
25%
Le Chabichou, un fromage AOP, a pour origine cette commune Civray
19%
Il reste des fortifications de l'ancien château-fort, l'un des plus grands paraît-il Lusignan
19%
Ville ayant un important patrimoine préhistorique dans son musée Lussac-les-Châteaux
19%
Son château-fort visitable est en ruine Gençay
13%
Village médiéval ayant été le siège d'une bataille entre catholiques et protestants Moncontour
6%
Aucun quiz correspondant
Distribution des résultats
% des personnes avec chaque résultat
Percentile par nombre de réponses
Votre historique - résultats
Vous n’avez pas pris ce quiz